|
|
|
|
| LEADER |
01468nam a2200313 a 4500 |
| 001 |
c000314144 |
| 003 |
CARM |
| 005 |
00000000000000.0 |
| 008 |
900115s1933 nz a b f00010 eng d |
| 019 |
1 |
|
|a 6901695
|5 LACONCORD2021
|
| 035 |
|
|
|a (OCoLC)153302399
|5 LACONCORD2021
|
| 100 |
1 |
|
|a Hudson, A. W.
|q (Abram Wilfrid),
|d 1896-
|
| 245 |
1 |
0 |
|a Investigations into pasture production :
|b effect of fertilizers &c., on the yield and chemical composition of herbage /
|c by A.W. Hudson, B.W. Doak and G.K. McPherson.
|
| 260 |
|
|
|a Wellington, N.Z. :
|b Govt. Printer,
|c 1933.
|
| 300 |
|
|
|a ix, 197 p. :
|b ill. (some folded) ;
|c 25 cm.
|
| 490 |
0 |
|
|a Bulletin / N.Z. Department of Scientific and Industrial Research ;
|v no. 31.
|
| 500 |
|
|
|a New Zealand Departments of Agriculture, and Scientific and Industrial Research in collaboration.
|
| 504 |
|
|
|a Includes bibliographical references.
|
| 650 |
|
0 |
|a Pastures
|x Fertilizers.
|
| 650 |
|
0 |
|a Forage plants
|x Fertilizers.
|
| 700 |
1 |
|
|a Doak, B. W.
|
| 700 |
1 |
|
|a McPherson, G. K.
|q (George Kerr),
|d 1904-
|
| 710 |
1 |
|
|a New Zealand.
|b Dept. of Agriculture.
|
| 710 |
1 |
|
|a New Zealand.
|b Dept. of Scientific and Industrial Research.
|
| 830 |
|
0 |
|a DSIR bulletin ;
|v no. 31.
|
| 852 |
8 |
|
|b CARM
|h A3:AB22G0
|i B10942
|p 0472102
|f BK
|
| 082 |
0 |
4 |
|a 633.202
|2 19
|
| 999 |
f |
f |
|i 4dee7e5c-6a58-585e-b1d5-15a1060cdaab
|s 6fdc6d2c-f0ec-56c0-9eae-610b790b3408
|
| 952 |
f |
f |
|p Can circulate
|a CAVAL
|b CAVAL
|c CAVAL
|d CARM 1 Store
|e B10942
|f A3:AB22G0
|h Other scheme
|i book
|m 0472102
|